00489nam a22001697a 450000500170000001000130001702000260003003500120005603700160006808200080008410000260009224500590011824600350017726000430021227000420025530000220029720220701143125.0 aUR-11609 a9788186346846c400.00 aU-10164 bDBAD/PUBa- a841 aف۔ س۔ اعجا ز aپتلی برف /cف۔ س۔ اعجا زhا ر د و aPatli Barf /bby Fay Seen Ejaz aKolkatabInsha Publicationsc2022 ء  a25-B, Zakaria StreetbKolkatae700073 a300 صc22cm(pbk)